00689nam a22002177a 450000500170000001000150001702000260003203500140005803700130007208200130008510000160009824501410011426000420025527000620029730000210035970000160038070000220039670000130041871000230043171100170045420220718155019.0 aENG-133637 a9789388398671c350.00 aEN-117169 bDBAD/PUB a658.4063 aKannadas, P aInnovative Strategies Of Management In the Globalized Era - 2019;b Innternational Conference Proceeding/ced. by P. Kannadas[et al...]  aTamil NadubShanlax Publicationc2019 a61, 66 T.P.K. Main Road, Vasantha Nagar,bMaduraie625003 a418p.c24cm(pbk) aP. Kannadas aK. Chandrasekaran aD. Deepa aM. Palanivel Rajan aM. Premkumar